उपन्यास की समकालीनता (Record no. 3031)

MARC details
000 -LEADER
fixed length control field 01382 a2200241 4500
005 - DATE AND TIME OF LATEST TRANSACTION
control field 20080911104719.0
008 - FIXED-LENGTH DATA ELEMENTS--GENERAL INFORMATION
fixed length control field 080911t xxu||||| |||| 00| 0 hin d
010 ## - LIBRARY OF CONGRESS CONTROL NUMBER
LC control number HIN-79588
020 ## - INTERNATIONAL STANDARD BOOK NUMBER
Terms of availability 200.00
International Standard Book Number 8126313080
035 ## - SYSTEM CONTROL NUMBER
System control number HN-51934
037 ## - SOURCE OF ACQUISITION
Source of stock number/acquisition D.B.Act / pub
082 ## - DEWEY DECIMAL CLASSIFICATION NUMBER
Classification number 823.08
100 ## - MAIN ENTRY--PERSONAL NAME
Personal name जोशी, ज्योतिष
245 ## - TITLE STATEMENT
Title उपन्यास की समकालीनता
Statement of responsibility, etc ज्योतिष जोशी
246 ## - VARYING FORM OF TITLE
Title proper/short title Upanyas ki samkalinta
260 ## - PUBLICATION, DISTRIBUTION, ETC. (IMPRINT)
Place of publication, distribution, etc नई दिल्ली
Name of publisher, distributor, etc भारतीय ज्ञानपीठ
Date of publication, distribution, etc 2007
270 ## - ADDRESS
Address 18,इंस्टीट्यूशनल एरिया, लोदी रोड
City नई दिल्ली
Postal code 110003
300 ## - PHYSICAL DESCRIPTION
Extent 240पृ
Dimensions 22 सेमी (सजिल्द)
490 ## - SERIES STATEMENT
Series statement (लोकोदय ग्रंथमालाःग्रंथांक 883)
942 ## - ADDED ENTRY ELEMENTS (KOHA)
Institution code [OBSOLETE] dpl
Koha item type Hindi Books
Call number prefix 823.08 / जोशीज्यो
Source of classification or shelving scheme Dewey Decimal Classification
Classification part 823.08
Call number suffix जोशीज्यो
Holdings
Withdrawn status Lost status Damaged status Not for loan Home library Current library Date acquired Cost, normal purchase price Total Checkouts Full call number Barcode Date last seen Copy number Uniform Resource Identifier Cost, replacement price Price effective from Koha item type Source of classification or shelving scheme Collection code
        D.B.Act.Division D.B.Act.Division 11/09/2008 200.00   823.08 जोशीज्यो HN-51934 15/09/2008 1 3225 200.00 15/09/2008 Hindi Books    
        Vinoba Puri Vinoba Puri 02/03/2009 200.00   823.08 जोशीज्यो B-317630 02/03/2009 1   200.00 02/03/2009 Hindi Books Dewey Decimal Classification Non-fiction

© Delhi Public Library
Hit Counter
free hit counter